00754cam a22002294a 45000010009000000050017000090080041000260100017000670200015000840400008000990820019001071000022001262450057001482460039002052600057002443000033003014400021003345000084003556500029004396500034004686500022005021419032620191023115819.0051206s2006 enka 000 0 eng  a 2005035463 a0749445521 cDLC00a808.06665bFOR1 aForsyth, Patrick.10aHow to write reports & proposals /cPatrick Forsyth.3 aHow to write reports and proposals aLondon ;aPhiladelphia :bKogan Page Limited,c2006. avi, 118 p. :bill. ;c22 cm. 0aCreating success a"First edition 2003, published as, Powerful reports and proposals."-T.p. verso. 0aBusiness report writing. 0aProposal writing in business. 0aBusiness writing.